[Consiliorum sive responsorum praestantissimi iurisconsulti Philippi Decii mediolanensis: nunc summo studio recognita, et expurgata; adnotationibus multis ... sublatis] (Registro nro. 38752)

Detalles MARC
000 -ENCABEZADO
Número de control [NR] 02768nam a2200325Ia 4500
008 - DE LONGITUD FIJA DE DATOS DE ELEMENTOS - INFORMACIÓN GENERAL
Elementos de longitud fija [NR] 130821s1579 gw gr lat
040 ## - FUENTE DE CATALOGACION [NR]
Agencia de catalogación original [NR] Co-BoUCM
Idioma de catalogación [NR] spa
041 0# - CODIGO DE IDIOMA [R]
Código de idioma para texto/pista de sonido o título separado [R] Latín
092 ## - SIGNATURA TOPOGRAFICA LOCAL
Número de clasificación local E22N038
100 1# - ASIENTO PRINCIPAL--NOMBRE PERSONAL [NR]
Nombre personal [NR] Decio, Filippo
Fechas asociadas con el nombre [NR] 1454-1536 o 7
242 00 - TRADUCCION DEL TITULO POR LA AGENCIA CATALOGADORA [R]
Título [NR] Conceptos y respuestas
Mención de responsabilidad, etc. [NR] del ilustre abogado milanés Felipe Decio ; Cuidadosamente revisados y depurados de muchas anteriores anotaciones
Código de idioma del título traducido [NR] spa
245 10 - MENCION DE TITULO [NR]
Título [NR] [Consiliorum sive responsorum praestantissimi iurisconsulti Philippi Decii mediolanensis: nunc summo studio recognita, et expurgata; adnotationibus multis ... sublatis]
246 08 - FORMA VARIANTE DEL TITULO [R]
Título propiamente dicho/forma breve del título [NR] Concilia Philipi Deii mediolanensi
246 13 - FORMA VARIANTE DEL TITULO [R]
Título propiamente dicho/forma breve del título [NR] [Conceptos y respuestas / del ilustre abogado milanés Felipe Decio ; Cuidadosamente revisados y depurados de muchas anteriores anotaciones]
260 ## - PUBLICACION, DISTRIBUCION, ETC. (PIE DE IMPRENTA) [R]
Lugar de publicación, distribución, etc. [R] Augusta (Baviera, Alemania)
Nombre del editor, distribuidor, etc. [R] apud Haeredes Nicolai Beuilaquae [Herederos de Nicolás Bevilacqua]
Fecha de publicación, distribución, etc. [R] 1579
300 ## - DESCRIPCION FISICA [R]
Extensión [R] 2-253 folios
500 ## - NOTA GENERAL [R]
Nota general [NR] Datos de publicación y de título tomados del catálogo de 1800.
500 ## - NOTA GENERAL [R]
Nota general [NR] Detalles físicos: Actualmente encuadernación rígida (holandesa) en cartón duro forrado en papel jaspeado marrón y ocre; con ligero deterioro en bordes y esquinas. Lomo en tela texturizada de color café; letras y líneas en dorado, error en el título del lomo. Faltan páginas iniciales, incluida la portada. Impresión de regular calidad sobre papel ordinario. Texto en dos columnas muy densas, llenas de abreviaturas. Párrafos identificados con números y letras. Letras mayúsculas capitales decoradas, de dos tamaños y de poca calidad. Otras, sin ningún tipo de adorno.
500 ## - NOTA GENERAL [R]
Nota general [NR] Otros detalles físicos: El Índice general tiene una portada sencilla, impresa en una sola tinta; adorno con elementos decorativos clásicos regularmente impreso, borroso, enmarca la figura de un toro (taurus), alusivo no sólo a la Constelación (Tauro), sino al origen del nombre de la ciudad de Turín (Augusta Taurinorum). Una leyenda latina que lo circunda dice: "Mi origen está en el cielo).
504 ## - NOTA DE BIBLIOGRAFIA, ETC. [R]
Nota de bibliografía, etc. [NR]
506 ## - NOTA DE RESTRICCIONES DE ACCESO [R]
Condiciones de acceso [NR] Consulta en sala.
520 ## - NOTA DE RESUMEN, ETC. [R]
Nota de sumario, etc. [NR] Setecientos (700) conceptos jurídicos sobre los más diversos temas de Ambos Derechos, presentados con esta estructura: Resumen del problema o "caso". ; Sumario de partes que se van a explicar y a defender a ese respecto. ; Desarrollo de las explicaciones. ; Notas adicionales sobre el mismo tema.
546 ## - NOTA DE IDIOMA [R]
Nota de idioma [NR] Texto en latín.
650 04 - ASIENTO SECUNDARIO DE MATERIA - TERMINO TEMATICO [R]
Término temático o nombre geográfico como elemento de entrada [NR] Derecho civil
9 (RLIN) 12711
650 04 - ASIENTO SECUNDARIO DE MATERIA - TERMINO TEMATICO [R]
Término temático o nombre geográfico como elemento de entrada [NR] Derecho civil
Subdivisión general [R] Obras anteriores a 1700
9 (RLIN) 12711
650 04 - ASIENTO SECUNDARIO DE MATERIA - TERMINO TEMATICO [R]
Término temático o nombre geográfico como elemento de entrada [NR] Derecho eclesiástico
Subdivisión general [R] Obras anteriores a 1700
9 (RLIN) 12757
650 04 - ASIENTO SECUNDARIO DE MATERIA - TERMINO TEMATICO [R]
Término temático o nombre geográfico como elemento de entrada [NR] Derecho
Subdivisión general [R] Conceptos
-- Obras anteriores a 1700
9 (RLIN) 7494
942 ## - ELEMENTOS DE ENTRADA AGREGADOS (KOHA)
Tipo de ítem principal el descrito en 300a Libro
Tema principal Derecho
Edición 1
Sistema de clasificación DEWEY
Clasificación 340.56
Existencias
Total préstamos Código de barras Última vez visto Volúmen / Fascículo Ejemplar Price effective from Tipo de ítem Perdido Sistema de clasificación Dañado No prestable Tipo de ítem específico Suprimido Ubicación habitual Ubicación actual Localización Fecha de creación Forma de adquisición Costo
  L003297 15/12/2012 E22N038 Ej.1 03/02/2013 Libro   DEWEY     Libro archivo     Archivo Histórico Archivo histórico 28/02/2014 Donación 0.00